[Event "GER-chT U10"]
[Site "Magdeburg"]
[Date "2015.12.28"]
[Round "3.1"]
[White "Holz, Leonard"]
[Black "Diederich, Greta"]
[Result "1-0"]
[WhiteElo "1211"]
[BlackElo "1142"]
[PlyCount "100"]
[EventDate "2015.12.27"]
[EventType "team-swiss"]
[EventRounds "7"]
[EventCountry "GER"]
[SourceTitle "EXT 2017"]
[Source "ChessBase"]
[SourceDate "2016.10.25"]
[SourceVersion "1"]
[SourceVersionDate "2016.10.25"]
[SourceQuality "1"]
[WhiteTeam "Werther"]
[BlackTeam "Breitenworbis"]
[WhiteTeamCountry "GER"]
[BlackTeamCountry "GER"]

1. d4 d5 2. Bf4 e6 3. e3 f5 4. Nd2 Nf6 5. c3 Bd6 6. Bg3 Nbd7 7. Ngf3 h6 8. Ne5 Nb6 9. Ng6 Rg8 10. Ne5 Bd7 11. Be2 Kf8 12. Bh5 Be8 13. Ng6+ Bxg6 14. Bxg6 Qe7 15. Nf3 Ne4 16. Ne5 Qg5 17. Qh5 Qxh5 18. Bxh5 Nc4 19. Ng6+ Ke8 20. Bxd6 Ncxd6 21. Ne5+ Ke7 22. f3 Nf6 23. g4 Nxh5 24. gxh5 Raf8 25. Ng6+ Kf6 26. Nxf8 Rxf8 27. Rg1 Kf7 28. 0-0-0 Nc4 29. Rde1 Rg8 30. e4 b5 31. b3 Nb6 32. exf5 exf5 33. Rg6 a5 34. Re5 Rd8 35. Rxf5+ Kg8 36. Re5 Kf7 37. f4 Rd6 38. f5 Rxg6 39. hxg6+ Kf6 40. Kd2 Nd7 41. Rxd5 Nb6 42. Rxb5 Nc8 43. d5 Nd6 44. Rxa5 Kxf5 45. Kd3 Kxg6 46. c4 Nf5 47. Ra6+ Kg5 48. c5 Kf4 49. d6 cxd6 50. cxd6 Nxd6 1-0

[Event "GER-chT U10"]
[Site "Magdeburg"]
[Date "2015.12.28"]
[Round "5.1"]
[White "Nitsche, Nikolai"]
[Black "Holz, Leonard"]
[Result "1-0"]
[WhiteElo "1227"]
[BlackElo "1211"]
[PlyCount "123"]
[EventDate "2015.12.27"]
[EventType "team-swiss"]
[EventRounds "7"]
[EventCountry "GER"]
[SourceTitle "EXT 2017"]
[Source "ChessBase"]
[SourceDate "2016.10.25"]
[SourceVersion "1"]
[SourceVersionDate "2016.10.25"]
[SourceQuality "1"]
[WhiteTeam "Berlin Empor"]
[BlackTeam "Werther"]
[WhiteTeamCountry "GER"]
[BlackTeamCountry "GER"]

1. d4 d5 2. Bf4 Nf6 3. Nf3 Bg4 4. e3 Nbd7 5. Be2 e6 6. Nbd2 c5 7. c3 Qb6 8. Qb3 Qxb3 9. Nxb3 b6 10. h3 Bh5 11. 0-0 Ne4 12. Rfe1 c4 13. Nbd2 Bxf3 14. Nxf3 h6 15. Bd1 g5 16. Bh2 h5 17. Bc2 Nd6 18. Nxg5 Bh6 19. Nxe6 fxe6 20. Bxd6 0-0-0 21. Bg6 Nf6 22. Be5 Bg7 23. b3 Rd7 24. bxc4 dxc4 25. Bc2 Nd5 26. Ba4 Rf7 27. Bxg7 Rxg7 28. Bb5 Rhg8 29. g3 h4 30. g4 Nxc3 31. Bxc4 Kd7 32. Rac1 Nd5 33. Rc2 Nb4 34. Rc3 Rf8 35. Rec1 Rgf7 36. f4 a6 37. Bb3 Kd6 38. a3 Nd5 39. Rc6+ Kd7 40. Bxd5 exd5 41. Rxb6 Re7 42. Rb7+ Ke8 43. Rxe7+ Kxe7 44. Rc6 Rb8 45. Rxa6 Rb2 46. Rh6 Re2 47. Rxh4 Rxe3 48. f5 Rf3 49. a4 Ra3 50. Kf2 Rxa4 51. Ke3 Ra5 52. Kf4 Ra4 53. Ke5 Ra5 54. g5 Ra6 55. f6+ Kf7 56. Rh7+ Kg6 57. Rg7+ Kh5 58. f7 Kh4 59. f8Q Kxh3 60. Qf3+ Kh4 61. Rh7+ Kxg5 62. Qf5# 1-0

[Event "GER-chT U10"]
[Site "Magdeburg"]
[Date "2015.12.27"]
[Round "2.1"]
[White "Prieb, Robert"]
[Black "Holz, Leonard"]
[Result "1-0"]
[WhiteElo "1647"]
[BlackElo "1211"]
[PlyCount "117"]
[EventDate "2015.12.27"]
[EventType "team-swiss"]
[EventRounds "7"]
[EventCountry "GER"]
[SourceTitle "EXT 2017"]
[Source "ChessBase"]
[SourceDate "2016.10.25"]
[SourceVersion "1"]
[SourceVersionDate "2016.10.25"]
[SourceQuality "1"]
[WhiteTeam "Paderborn Akademie"]
[BlackTeam "Werther"]
[WhiteTeamCountry "GER"]
[BlackTeamCountry "GER"]

1. d4 d5 2. c4 c6 3. Nf3 Nf6 4. Nc3 Bg4 5. cxd5 cxd5 6. Qb3 b6 7. Ne5 e6 8. Nxg4 Nxg4 9. e3 a6 10. Be2 Nf6 11. 0-0 Bd6 12. Bd2 0-0 13. Rac1 Nbd7 14. Rc2 b5 15. Rfc1 Ne4 16. Nxe4 dxe4 17. Rc6 Nf6 18. Qc2 Be7 19. a4 Rb8 20. Rxa6 bxa4 21. Rxa4 Qd6 22. Rc4 Qb6 23. b4 Nd5 24. Rc6 Qa7 25. b5 Qa3 26. Ra6 Nb4 27. Bxb4 Qxb4 28. Qc7 Qb2 29. Kf1 Ba3 30. Rc2 Qb3 31. Rc3 Qb2 32. Raxa3 h6 33. Rc1 Qd2 34. Rac3 Qb2 35. Rc6 Qb4 36. Rb6 Rxb6 37. Qxb6 Qd2 38. Qc7 Qb4 39. b6 Qb2 40. b7 Qb4 41. Qc8 Rxc8 42. bxc8Q+ Kh7 43. Qc5 Qb7 44. Qc7 Qb2 45. Rc4 Qb3 46. Qxf7 Qb5 47. Rc7 Qg5 48. h4 Qg6 49. Qxg6+ Kxg6 50. h5+ Kf6 51. Rc6 Kf5 52. Bc4 Kg5 53. Rxe6 Kxh5 54. d5 g5 55. d6 g4 56. d7 g3 57. Be2+ Kg5 58. d8Q+ Kf5 59. Qf6# 1-0